Keď sa kontinent posúva doprava
Politický vývoj v Južnej Amerike zažíva posuny od ľavicového populizmu k neoliberálnej pravici v troch kľúčových štátoch - v Brazílii, Argentíne a Venezuele. Majú kumulatívny účinok, ktorý mení mocenské pomery vo svete. Venezuelský obrat. Ústretová Argentína. Boj brazílskej prezidentky o politické p...
Enregistré dans:
| Auteur principal: | |
|---|---|
| Format: | Chapitre de livre |
| Langue: | slovaque |
| Sujets: | |
| Tags: |
Pas de tags, Soyez le premier à ajouter un tag!
|
MARC
| LEADER | 00000naa a2200000 4500 | ||
|---|---|---|---|
| 001 | 0211271 | ||
| 005 | 20231113104802.6 | ||
| 041 | 0 | |a slo | |
| 044 | |a SK | ||
| 245 | 1 | 0 | |a Keď sa kontinent posúva doprava |c Adrian Peter Pressburg |
| 520 | |a Politický vývoj v Južnej Amerike zažíva posuny od ľavicového populizmu k neoliberálnej pravici v troch kľúčových štátoch - v Brazílii, Argentíne a Venezuele. Majú kumulatívny účinok, ktorý mení mocenské pomery vo svete. Venezuelský obrat. Ústretová Argentína. Boj brazílskej prezidentky o politické prežitie. | ||
| 610 | 2 | 0 | |a politika vnútorná |
| 610 | 2 | 0 | |a politika medzinárodná |
| 610 | 2 | 0 | |a prezidenti |
| 610 | 2 | 0 | |a vzťahy medzinárodné |
| 610 | 2 | 0 | |a Južná Amerika |
| 610 | 2 | 0 | |a Argentína |
| 610 | 2 | 0 | |a Brazília |
| 610 | 2 | 0 | |a Venezuela |
| 610 | 2 | 0 | |a USA |
| 610 | 2 | 0 | |a Rusko |
| 100 | 1 | |a Pressburg, Adrian Peter | |